Statistics for Warhammer 40,000 guard regiments

Click here to take the quiz!

General Stats

  • This quiz has been taken 58 times
  • The average score is 5 of 9

Answer Stats

HintAnswer% Correct
This regiment (in my opinion) collectively represents the elite fighting forces of the worldCadian Shock Troopers
96%
This regiments uniform is again inspired by several different WW1 armiesDeath Korps of Krieg
93%
This Regiments uniform drew inspiration from the German Army in WW1 and also the French and British Gas Masks in WW1. Also the tactics their mechanised infantry used are similiar to the German Army in WW2Armageddon Steel Legion
67%
This regiment was based off the US Green Berets in VietnamCatachan Jungle Fighters
67%
This regiments uniform and tactics were the mujaheddin (the Taliban that the soviets fought during their war in Afghanistan in the 1980s)Tallarn desert raiders
61%
This regiments uniform and some other elements were inspired by the US Marine CorpsMordian Iron Guard
52%
This regiment was based of the Soviet Red Army in WW2, especially their willingness to accept high casualtiesValhallan Ice Warriors
52%
This regiment drew inspiration from the 18-19th century Cossack (Russian) armiesVostroyan First Born
52%
This regiments (in my opinion) urban combat tactics were based on the IDF (Israeli Defence Force)Athonian tunnel rats
4%

Score Distribution

Percentile by Number Answered

Percent of People with Each Score

Your Score History

You have not taken this quiz